00834nam a2200217Ii 45000010005000000030009000050080041000140400033000550410008000880820016000961000025001122450130001372640053002673000012003203360026003323370028003583380027003869400050004139990017004639520136004802308CO-ViMGA241108s9999||||xx |||||||||||||| ||und|| aCO-ViMGAbspaerdacCO-ViMGA0 aspa04a268.62 I45e1 aJuan Pablo II94924010aExhortación apostólica de su Santidad Juan Pablo II sobre vocación y misión de los laicos en la iglesia y en el mundo 1aVaticano : Tipografía Poliglota Vaticana, 1987 avolumen atextbtxt2rdacontent aunmediatedbn2rdamedia avolumebnc2rdacarrier aidficha_siabuc: 2262. -- ficha_no_siabuc:2308 c43883d43883 001040708001aMEVIGERRbMEVIGERRcGENd2006-02-06o268.62 I45epECA16673r2024-11-26 09:16:52tEj.1w2024-11-26yBKz2262 | 2705